Zborník prednášok 2

Saved in:
Bibliographic Details
Format: Book
Language:Slovak
Published: Bratislava CENEKON 1990
Edition:1. vyd.
Tags: Add Tag
No Tags, Be the first to tag this record!

MARC

LEADER 00000nam a2200000 4500
001 c034779
005 20221128074753.8
041 0 |a slo 
044 |a SK 
245 1 0 |a Zborník prednášok 2 
250 |a 1. vyd. 
264 1 |a Bratislava  |b CENEKON  |c 1990 
300 |a 107,25,42 s.